[Event "PRO League KO Stage 2017"]
[Site "chess.com INT"]
[Date "2017.03.01"]
[Round "1"]
[White "Kazhgaleyev, Murtas"]
[Black "Adair, James R"]
[Result "1-0"]
[WhiteTitle "GM"]
[BlackTitle "IM"]
[WhiteElo "2594"]
[BlackElo "2479"]
[WhiteTeam "Cannes Blockbusters"]
[BlackTeam "London Lions"]
[WhiteFideId "13700316"]
[BlackFideId "406252"]
[EventDate "2017.03.01"]

1. d4 Nf6 2. c4 e6 3. Nc3 Bb4 4. e3 O-O 5. Bd3 d5 6. Ne2 c5 7. cxd5 cxd4 8. exd4
Nxd5 9. O-O Nc6 10. Nxd5 exd5 11. Nf4 Bd6 12. Re1 Bxf4 13. Bxf4 Be6 14. Qd2 Nxd4
15. Bxh7+ Kxh7 16. Qxd4 Re8 17. Re3 Qb6 18. Qd3+ Kg8 19. Be5 f6 20. Bxf6 Bf7 21.
Bd4 Qg6 22. Qxg6 Bxg6 23. f3 a6 24. Rc1 Rxe3 25. Bxe3 Re8 26. Kf2 Re7 27. g4 Be8
28. h4 Bc6 29. h5 Kf7 30. Rd1 Ke6 31. Bd4 Kf7 32. b3 Bb5 33. Rd2 Re6 34. a4 Bc6
35. Rd1 Kg8 36. g5 g6 37. hxg6 Rxg6 38. Bf6 Kf7 39. f4 Rg8 40. f5 Re8 41. Rh1
Re4 42. Rh7+ Kg8 43. g6 1-0

[Event "PRO League KO Stage 2017"]
[Site "chess.com INT"]
[Date "2017.03.01"]
[Round "1"]
[White "Mohammad, Nubairshah Shaikh"]
[Black "Hammer, Jon Ludvig"]
[Result "1/2-1/2"]
[WhiteTitle "IM"]
[BlackTitle "GM"]
[WhiteElo "2408"]
[BlackElo "2630"]
[WhiteTeam "Mumbai Movers"]
[BlackTeam "Norway Gnomes"]
[WhiteFideId "5053196"]
[BlackFideId "1503707"]
[EventDate "2017.03.01"]

1. d4 Nf6 2. c4 e6 3. Nc3 Bb4 4. e3 O-O 5. Ne2 Re8 6. a3 Bf8 7. Ng3 d5 8. Be2
dxc4 9. Bxc4 c5 10. dxc5 Qxd1+ 11. Nxd1 Bxc5 12. b4 Bd6 13. Bb2 Nbd7 14. O-O a5
15. bxa5 Rxa5 16. Nc3 Be5 17. Be2 Nc5 18. f4 Bc7 19. Nb5 Bb8 20. Rac1 b6 21. Bc3
Ra4 22. Bxf6 gxf6 23. Nh5 Rd8 24. Rfd1 Rf8 25. Nxf6+ Kg7 26. Nh5+ Kh8 27. Nd6
Bd7 28. Bb5 Bxb5 29. Nxb5 h6 30. Nf6 Ra5 31. Rb1 Kg7 32. Nd7 Rd8 33. Nxc5 Rxb5
34. Na6 Rxb1 35. Rxb1 Ba7 36. Kf2 Rd2+ 37. Kf3 Rd3 38. Nb4 Rxa3 39. Nc6 b5 40.
Nxa7 Rxa7 41. Rxb5 Ra1 42. g4 Rf1+ 43. Kg2 Re1 44. Kf2 Rh1 45. Kg3 Rg1+ 46. Kf3
Rf1+ 47. Ke4 Rg1 48. Kf3 Rf1+ 1/2-1/2

[Event "PRO League KO Stage 2017"]
[Site "chess.com INT"]
[Date "2017.03.01"]
[Round "1"]
[White "Belous, Vladimir"]
[Black "Dreev, Aleksey"]
[Result "0-1"]
[WhiteTitle "GM"]
[BlackTitle "GM"]
[WhiteElo "2581"]
[BlackElo "2651"]
[WhiteTeam "Rio Grande Ospreys"]
[BlackTeam "San Diego Surfers"]
[WhiteFideId "4174003"]
[BlackFideId "4100107"]
[EventDate "2017.03.01"]

1. c4 c6 2. d4 d5 3. e3 Nf6 4. Nf3 Bf5 5. Nc3 a6 6. cxd5 cxd5 7. Qb3 Ra7 8. Bd2
e6 9. Rc1 Nc6 10. Nh4 Be4 11. Na4 Nd7 12. Nf3 Bd6 13. Nc3 Bg6 14. h4 Nf6 15. Na4
O-O 16. Nc5 Bxc5 17. Rxc5 Ne4 18. Rc1 Bh5 19. Be2 Re8 20. Bc3 b5 21. a4 b4 22.
Bd2 Rc7 23. Bxa6 Qf6 24. Be2 Rec8 25. Rd1 Rb8 26. Qc2 b3 27. Qc1 Rbc8 28. Qa1 e5
29. Qa3 exd4 30. Qxb3 Nxd2 31. Rxd2 dxe3 32. Qxe3 Re7 33. Qg5 Nd4 34. Kd1 Qc6
35. Bc4 Bxf3+ 36. gxf3 Qxc4 0-1

[Event "PRO League KO Stage 2017"]
[Site "chess.com INT"]
[Date "2017.03.01"]
[Round "1"]
[White "Belous, Vladimir"]
[Black "Sheng, Joshua"]
[Result "1-0"]
[WhiteTitle "GM"]
[BlackTitle "IM"]
[WhiteElo "2581"]
[BlackElo "2375"]
[WhiteTeam "Rio Grande Ospreys"]
[BlackTeam "San Diego Surfers"]
[WhiteFideId "4174003"]
[BlackFideId "2057360"]
[EventDate "2017.03.01"]

1. c4 Nf6 2. Nc3 g6 3. e4 d6 4. d4 Bg7 5. Nf3 O-O 6. h3 e5 7. d5 Na6 8. Bg5 h6
9. Be3 Nc5 10. Nd2 a5 11. Be2 c6 12. O-O Bd7 13. b3 cxd5 14. cxd5 Qb8 15. a3 Rc8
16. Qb1 b5 17. b4 Na6 18. Rc1 a4 19. Qd3 Nc7 20. Rf1 Nh7 21. Rac1 f5 22. f4 Re8
23. fxe5 Bxe5 24. Bxh6 Qd8 25. Bf4 Nf6 26. Bg5 Qe7 27. Nf3 Bxc3 28. Qxc3 Nxe4
29. Bxe7 Nxc3 30. Rxc3 Nxd5 31. Rd3 Rxe7 32. Rxd5 Rxe2 33. Rxd6 Be8 34. Rc1 Ra7
35. Rc8 Kg7 36. Nd4 Re1+ 37. Kf2 Rae7 38. h4 R1e5 39. Rc3 Re4 40. h5 Rd7 41.
Nxb5 gxh5 42. Rxd7+ Bxd7 43. Rc7 Re7 44. Nd4 Kf8 45. b5 Ke8 46. b6 Kd8 47. Ra7
Kc8 48. Nc6 1-0

[Event "PRO League KO Stage 2017"]
[Site "chess.com INT"]
[Date "2017.03.01"]
[Round "1"]
[White "Adair, James R"]
[Black "Perez, Flavio"]
[Result "1-0"]
[WhiteTitle "IM"]
[WhiteElo "2479"]
[BlackElo "2303"]
[WhiteTeam "London Lions"]
[BlackTeam "Cannes Blockbusters"]
[WhiteFideId "406252"]
[BlackFideId "623911"]
[EventDate "2017.03.01"]

1. e4 g6 2. d4 Bg7 3. Nf3 d6 4. Bd3 Nd7 5. O-O e5 6. c3 Ngf6 7. Re1 O-O 8. Nbd2
Re8 9. d5 Nh5 10. Nf1 Nf4 11. Bc2 h6 12. Ne3 Nf8 13. b4 g5 14. g3 Nh3+ 15. Kg2
g4 16. Nh4 Ng6 17. Nhf5 h5 18. f3 Nhf4+ 19. Kf1 Nh3 20. fxg4 h4 21. Kg2 Nhf4+
22. gxf4 exf4 23. Nxg7 Kxg7 24. Nf5+ Bxf5 25. gxf5 Ne5 26. Bxf4 Rg8 27. Kh1 Kf8
28. Rg1 Qf6 29. Rxg8+ Kxg8 30. Qh5 1-0

[Event "PRO League KO Stage 2017"]
[Site "chess.com INT"]
[Date "2017.03.01"]
[Round "1"]
[White "Adair, James R"]
[Black "Cornette, Matthieu"]
[Result "0-1"]
[WhiteTitle "IM"]
[BlackTitle "GM"]
[WhiteElo "2479"]
[BlackElo "2585"]
[WhiteTeam "London Lions"]
[BlackTeam "Cannes Blockbusters"]
[WhiteFideId "406252"]
[BlackFideId "620084"]
[EventDate "2017.03.01"]

1. e4 c5 2. Nf3 Nc6 3. d4 cxd4 4. Nxd4 e5 5. Nb5 d6 6. N1c3 a6 7. Na3 b5 8. Nd5
Nge7 9. Bd3 Nxd5 10. exd5 Nd4 11. c3 Nf5 12. Nc2 Be7 13. Nb4 Bg5 14. a4 Bxc1 15.
Qxc1 bxa4 16. Rxa4 O-O 17. O-O Nh4 18. Nc6 Qf6 19. Bxh7+ Kxh7 20. f4 e4 21. Qe3
Re8 22. g3 Nf5 23. Qe2 Qg6 24. Kh1 Nh6 25. Nd4 Bg4 26. Qg2 Nf5 27. h3 Bf3 28.
Nxf3 Nxg3+ 0-1

[Event "PRO League KO Stage 2017"]
[Site "chess.com INT"]
[Date "2017.03.01"]
[Round "1"]
[White "Samolins, Vitalijs"]
[Black "Dudukin, Ilya"]
[Result "1-0"]
[WhiteTitle "IM"]
[BlackTitle "FM"]
[WhiteElo "2402"]
[BlackElo "2396"]
[WhiteTeam "Riga Magicians"]
[BlackTeam "Gorky Stormbringers"]
[WhiteFideId "11602112"]
[BlackFideId "4148576"]
[EventDate "2017.03.01"]

1. e4 c5 2. c3 Nf6 3. e5 Nd5 4. Nf3 Nc6 5. Bc4 Nb6 6. Bb3 d5 7. exd6 c4 8. Bc2
e5 9. O-O f5 10. d4 cxd3 11. Qxd3 e4 12. Qe2 Bxd6 13. Rd1 Qc7 14. Bb3 Bd7 15.
Na3 O-O-O 16. Ng5 Ne5 17. Ne6 Bxe6 18. Bxe6+ Kb8 19. Nb5 Qe7 20. Bxf5 Nf3+ 21.
gxf3 Bxh2+ 22. Kxh2 Qe5+ 23. Kg2 Qxf5 24. Rxd8+ Rxd8 25. fxe4 Qg6+ 26. Kf1 Rf8
27. Qd3 Nc8 28. Be3 Qh5 29. Rd1 Qf3 30. Bxa7+ Nxa7 31. Qd6+ Ka8 32. Nc7+ Kb8 33.
Na6+ Ka8 34. Qb8+ Rxb8 35. Nc7# 1-0

[Event "PRO League KO Stage 2017"]
[Site "chess.com INT"]
[Date "2017.03.01"]
[Round "1"]
[White "Samolins, Vitalijs"]
[Black "Gorozhanin, Mikhail"]
[Result "1-0"]
[WhiteTitle "IM"]
[BlackTitle "FM"]
[WhiteElo "2402"]
[BlackElo "2419"]
[WhiteTeam "Riga Magicians"]
[BlackTeam "Gorky Stormbringers"]
[WhiteFideId "11602112"]
[BlackFideId "4178262"]
[EventDate "2017.03.01"]

1. f4 d5 2. Nf3 Nf6 3. e3 Bf5 4. d4 e6 5. Bd3 c6 6. O-O Bd6 7. b3 Qe7 8. Bb2 O-O
9. c4 Bxd3 10. Qxd3 Ne4 11. c5 Bc7 12. b4 a6 13. Nbd2 f5 14. a4 Nd7 15. b5 Nxd2
16. Nxd2 Nf6 17. Rfb1 h6 18. Bc1 axb5 19. axb5 g5 20. Nf3 Ne4 21. b6 Rxa1 22.
Rxa1 Bb8 23. Ra2 Qg7 24. Kf1 Kh7 25. g3 Rg8 26. Bd2 gxf4 27. exf4 Qg4 28. Qe2
Kh8 29. Be3 Qh3+ 30. Ke1 Qg4 31. Ra3 Qg7 32. Nd2 Nf6 33. Bf2 Qf7 34. Kd1 Re8 35.
Kc2 Kh7 36. Nf3 Ne4 37. Be3 Qg6 38. Nd2 Nf6 39. Qf1 Ng4 40. Nf3 Kh8 41. Bd2 Nf6
42. Qh3 Ne4 43. Be3 Nf6 44. Kc1 Ng4 45. Bd2 Kg7 46. Ne5 Bxe5 47. fxe5 Nf2 48.
Qh4 Rh8 49. Qe7+ Qf7 50. Qxf7+ Kxf7 51. Ra7 Rb8 52. Bxh6 Ng4 53. Bg5 Nxh2 54.
Kc2 Nf3 55. Be3 Kg6 56. Kd3 Kh5 57. Ra1 Kg4 58. Bf4 Nh2 59. Ke3 Kh3 60. Kf2 Kg4
61. Ra3 Rh8 62. Kg2 Rh7 63. Ra8 Nf3 64. Rg8+ Kh5 65. Kxf3 Rf7 66. Rg5+ Kh6 67.
Rxf5+ Kg7 68. Rxf7+ Kxf7 69. Kg4 Kg6 70. Bg5 Kf7 71. Kh5 Kg7 72. Bf6+ Kh7 73. g4
Kg8 74. Kg6 Kf8 75. Kh7 Kf7 76. g5 Ke8 77. g6 Kd7 78. g7 1-0

[Event "PRO League KO Stage 2017"]
[Site "chess.com INT"]
[Date "2017.03.01"]
[Round "1"]
[White "Noritsyn, Nikolay"]
[Black "Kumar, Nikhil"]
[Result "1-0"]
[WhiteTitle "IM"]
[BlackTitle "FM"]
[WhiteElo "2473"]
[BlackElo "2444"]
[WhiteTeam "Toronto Dragons"]
[BlackTeam "Miami Champions"]
[WhiteFideId "2604922"]
[BlackFideId "30909040"]
[EventDate "2017.03.01"]

1. e4 c6 2. c4 d5 3. cxd5 cxd5 4. exd5 Nf6 5. Qa4+ Nbd7 6. Nc3 g6 7. Bc4 Bg7 8.
Nf3 O-O 9. d3 a6 10. Qa3 b5 11. Bxb5 Bb7 12. Bc6 Qc7 13. O-O Bxc6 14. dxc6 Qxc6
15. Qxe7 Rfe8 16. Qb4 Rab8 17. Qh4 Nc5 18. Qc4 Qd6 19. Bf4 Qb6 20. Bxb8 Rxb8 21.
Ng5 Rb7 22. Rac1 h6 23. d4 Ne6 24. Na4 Qxd4 25. Qc8+ Nd8 26. Rcd1 1-0

[Event "PRO League KO Stage 2017"]
[Site "chess.com INT"]
[Date "2017.03.01"]
[Round "1"]
[White "Noritsyn, Nikolay"]
[Black "Quesada Perez, Yuniesky"]
[Result "0-1"]
[WhiteTitle "IM"]
[BlackTitle "GM"]
[WhiteElo "2473"]
[BlackElo "2630"]
[WhiteTeam "Toronto Dragons"]
[BlackTeam "Miami Champions"]
[WhiteFideId "2604922"]
[BlackFideId "3504409"]
[EventDate "2017.03.01"]

1. c4 e5 2. Nc3 Nf6 3. e3 Bb4 4. Nge2 O-O 5. a3 Bxc3 6. Nxc3 d5 7. cxd5 Nxd5 8.
Qc2 Nc6 9. Bd3 Nxc3 10. dxc3 f5 11. e4 f4 12. Bc4+ Kh8 13. b4 Qf6 14. Bb2 Rd8
15. Bd5 Ne7 16. O-O-O Nxd5 17. exd5 Bf5 18. Qb3 c6 19. Rhe1 e4 20. c4 Qh6 21.
Kb1 cxd5 22. Ka1 dxc4 23. Qxc4 Qh5 24. Rd5 Qg6 25. Red1 Rxd5 26. Qxd5 Re8 27.
Re1 h6 28. g3 e3 29. Qd4 Re4 30. Qxa7 e2 31. f3 Qd6 32. Qc5 Qxc5 33. bxc5 Re3
34. gxf4 Bd3 35. Bc1 Rxf3 36. Kb2 Kg8 37. Kc3 Ba6+ 38. Kc2 Kf7 39. Bd2 Rf1 40.
Kc3 Ke6 41. Kd4 Kf5 42. h3 Rf3 43. Be3 Rxh3 44. a4 Rf3 45. a5 Rf1 46. Bd2 h5 47.
c6 bxc6 48. Kc5 h4 49. Kb6 Bd3 50. a6 Bxa6 51. Kxa6 Rxe1 52. Bxe1 h3 0-1

[Event "PRO League KO Stage 2017"]
[Site "chess.com INT"]
[Date "2017.03.01"]
[Round "1"]
[White "Hess, Robert L"]
[Black "Smith, Bryan G"]
[Result "1-0"]
[WhiteTitle "GM"]
[BlackTitle "GM"]
[WhiteElo "2571"]
[BlackElo "2419"]
[WhiteTeam "Montclair Sopranos"]
[BlackTeam "Philadelphia Inventors"]
[WhiteFideId "2022036"]
[BlackFideId "2017083"]
[EventDate "2017.03.01"]

1. d4 Nf6 2. c4 g6 3. g3 Bg7 4. Bg2 O-O 5. Nc3 Nc6 6. e3 d6 7. Nge2 e5 8. O-O
Bf5 9. h3 exd4 10. Nxd4 Nxd4 11. exd4 c6 12. g4 Be6 13. d5 cxd5 14. cxd5 Bd7 15.
Bf4 Re8 16. Qb3 h5 17. g5 Nh7 18. Ne4 Be5 19. Bxe5 Rxe5 20. f4 Re7 21. Nxd6 Bxh3
22. Nxf7 Rxf7 23. Bxh3 Nf8 24. Rad1 Rxf4 25. d6+ Kh8 26. Qc3+ Kg8 27. Qe5 Qb6+
28. Kh2 Rf2+ 29. Kg3 h4+ 30. Kxh4 Rxb2 31. Kg3 Rb5 32. Be6+ Nxe6 33. Qxe6+ Kg7
34. Rf7+ 1-0

[Event "PRO League KO Stage 2017"]
[Site "chess.com INT"]
[Date "2017.03.01"]
[Round "1"]
[White "Hess, Robert L"]
[Black "Postny, Evgeny"]
[Result "0-1"]
[WhiteTitle "GM"]
[BlackTitle "GM"]
[WhiteElo "2571"]
[BlackElo "2606"]
[WhiteTeam "Montclair Sopranos"]
[BlackTeam "Philadelphia Inventors"]
[WhiteFideId "2022036"]
[BlackFideId "2804344"]
[EventDate "2017.03.01"]

1. e4 e5 2. Nf3 Nc6 3. Bb5 a6 4. Ba4 Nf6 5. Bxc6 dxc6 6. d3 Nd7 7. Nbd2 Bd6 8.
Nc4 O-O 9. Be3 c5 10. Qd2 f6 11. Rg1 Nb8 12. g4 Nc6 13. Nh4 g6 14. O-O-O Rf7 15.
Rdf1 Bf8 16. g5 f5 17. exf5 Bxf5 18. Nxf5 Rxf5 19. Qe2 Qd5 20. Kb1 Bg7 21. Qg4
b5 22. Nd2 Nb4 23. Nb3 c4 24. Nc1 Nxc2 25. Kxc2 cxd3+ 26. Nxd3 e4 27. Nc5 Qxa2
28. Rb1 Qc4+ 29. Kd2 Rxc5 30. Bxc5 Qxc5 31. Ke1 Rf8 32. Rg2 Bd4 33. Qxe4 Bxf2+
34. Ke2 Bd4 35. Rc1 Qb4 36. Rxc7 Qxb2+ 37. Rc2 Qb3 38. Rc8 Rxc8 0-1

[Event "PRO League KO Stage 2017"]
[Site "chess.com INT"]
[Date "2017.03.01"]
[Round "1"]
[White "Kulkarni, Rakesh"]
[Black "Carlsen, Magnus"]
[Result "0-1"]
[BlackTitle "GM"]
[WhiteElo "2325"]
[BlackElo "2838"]
[WhiteTeam "Mumbai Movers"]
[BlackTeam "Norway Gnomes"]
[WhiteFideId "5037077"]
[BlackFideId "1503014"]
[EventDate "2017.03.01"]

1. e4 e5 2. d4 exd4 3. Qxd4 Nc6 4. Qe3 Nf6 5. Nc3 Bb4 6. Bd2 O-O 7. O-O-O Re8 8.
Qg3 Rxe4 9. f3 Re8 10. Bd3 Ne5 11. Be2 d5 12. f4 Bxc3 13. Qxc3 Ne4 14. Qb3 Nxd2
15. Rxd2 Nc4 16. Rd1 Ne3 17. Rd2 c6 18. Nf3 Nxg2 19. Rg1 Nxf4 20. Bd1 Qf6 21.
Rf2 Nh3 22. Rfg2 Nxg1 23. Rxg1 Qf4+ 24. Kb1 Re3 25. Re1 Rxe1 26. Nxe1 Qd2 27.
Qd3 Qxe1 28. Qe2 Qxe2 0-1

[Event "PRO League KO Stage 2017"]
[Site "chess.com INT"]
[Date "2017.03.01"]
[Round "1"]
[White "Li, Ruifeng"]
[Black "Aleskerov, Faik"]
[Result "1-0"]
[WhiteTitle "IM"]
[WhiteElo "2577"]
[BlackElo "2315"]
[WhiteTeam "Dallas Destiny"]
[BlackTeam "San Jose Hackers"]
[WhiteFideId "2061074"]
[BlackFideId "13401262"]
[EventDate "2017.03.01"]

1. e4 g6 2. Nc3 Bg7 3. g3 e5 4. Bg2 Ne7 5. d3 c6 6. f4 exf4 7. Bxf4 d5 8. Qd2
dxe4 9. Nxe4 O-O 10. O-O-O Nf5 11. Nf3 Be6 12. Kb1 Na6 13. Be5 f6 14. Bc3 b5 15.
g4 Nd6 16. Nxd6 Qxd6 17. g5 Nc5 18. b3 a5 19. gxf6 Bxf6 20. Bxf6 Rxf6 21. Ng5 a4
22. b4 Nb3 23. axb3 axb3 24. cxb3 Qe5 25. d4 Qc7 26. Nxe6 Qa7 27. Kc2 Rf2 28.
Ra1 Qa2+ 29. Rxa2 Rxa2+ 30. Kc3 Raxd2 31. Be4 Rde2 32. Nc5 Re3+ 33. Bd3 h5 34.
h4 Kg7 35. Rg1 Rf6 36. Nd7 Rf2 37. Rxg6+ Kf7 38. Ne5+ Ke7 39. Nxc6+ Kf7 40. Ne5+
Ke7 41. Rg5 Re1 42. Bxb5 Rc1+ 43. Kd3 Rh1 44. Rxh5 Rh3+ 45. Kc4 Rc2+ 46. Kd5
Rxb3 47. Ba4 Rcb2 48. Rh7+ Kf8 49. Bxb3 Rxb3 50. Kc4 Rg3 51. b5 Rg1 52. b6 Rc1+
53. Kd5 Rb1 54. b7 Kg8 55. Rc7 1-0

[Event "PRO League KO Stage 2017"]
[Site "chess.com INT"]
[Date "2017.03.01"]
[Round "1"]
[White "Li, Ruifeng"]
[Black "Naroditsky, Daniel"]
[Result "1-0"]
[WhiteTitle "IM"]
[BlackTitle "GM"]
[WhiteElo "2577"]
[BlackElo "2646"]
[WhiteTeam "Dallas Destiny"]
[BlackTeam "San Jose Hackers"]
[WhiteFideId "2061074"]
[BlackFideId "2026961"]
[EventDate "2017.03.01"]

1. e4 e6 2. d4 d5 3. Nd2 Be7 4. Ngf3 Nf6 5. e5 Nfd7 6. Bd3 c5 7. c3 b6 8. Qe2 a5
9. Nf1 Ba6 10. Bxa6 Nxa6 11. Ng3 O-O 12. O-O Re8 13. Bf4 Nf8 14. Nh5 Ng6 15. Be3
Nc7 16. g3 a4 17. h4 a3 18. b3 Qd7 19. Qd2 cxd4 20. cxd4 Rec8 21. Bh6 gxh6 22.
Qxh6 Ne8 23. Nh2 Bf8 24. Qe3 Kh8 25. Ng4 Qc7 26. Rac1 Qd8 27. Qf3 Rxc1 28. Rxc1
Ra7 29. Nhf6 Rc7 30. Rxc7 Nxc7 31. Nxh7 f5 32. Ngf6 Bh6 33. Ng5 Kg7 34. Nh5+ Kg8
35. Nf6+ Kg7 36. Qh5 Qh8 37. Nxe6+ Nxe6 38. Qxf5 Ngf8 39. Nh5+ Kg8 40. Nf6+ Kg7
41. Nxd5 Qg8 42. Qf6+ Kh7 43. Qf5+ Qg6 44. Nf6+ Kh8 45. Qf3 Nxd4 46. Qd5 Nde6
47. h5 Qb1+ 48. Kg2 Qxa2 49. Qb7 Qe2 50. Qf7 Nf4+ 51. gxf4 1-0

[Event "PRO League KO Stage 2017"]
[Site "chess.com INT"]
[Date "2017.03.01"]
[Round "1"]
[White "Pozo Vera, Sandro"]
[Black "Noritsyn, Nikolay"]
[Result "0-1"]
[WhiteTitle "GM"]
[BlackTitle "IM"]
[WhiteElo "2426"]
[BlackElo "2473"]
[WhiteTeam "Miami Champions"]
[BlackTeam "Toronto Dragons"]
[WhiteFideId "3507203"]
[BlackFideId "2604922"]
[EventDate "2017.03.01"]

1. d4 e6 2. c4 f5 3. g3 Nf6 4. Bg2 c6 5. Nc3 d5 6. Nh3 Bd6 7. O-O O-O 8. Bf4 Be7
9. Qc2 Na6 10. Rad1 Nc7 11. cxd5 Ncxd5 12. Bc1 Qa5 13. Nf4 Bd7 14. Bd2 Qa6 15.
Nd3 Rad8 16. Rfe1 Be8 17. Bf1 Qb6 18. Nc5 Bf7 19. Bg2 Nb4 20. Qc1 Rxd4 21. Nb3
Nxa2 22. Qc2 Rc4 23. Be3 Qb4 24. Bd2 Qb6 25. Be3 Qc7 26. Nd2 Nb4 27. Qb1 Rg4 28.
h3 Rg6 29. Nf3 Nfd5 30. Bd4 c5 31. Be5 Qb6 32. e4 fxe4 33. Nxe4 Nc6 34. h4 h6
35. h5 Rg4 36. Bh3 Bxh5 37. Bxg4 Bxg4 38. Ned2 Bxf3 39. Nxf3 Rxf3 40. Qg6 Nxe5
41. Rxe5 Rf6 42. Qe8+ Bf8 0-1

[Event "PRO League KO Stage 2017"]
[Site "chess.com INT"]
[Date "2017.03.01"]
[Round "1"]
[White "Dominguez Perez, Leinier"]
[Black "Szabo, Gergely-Andras-Gyula"]
[Result "1-0"]
[WhiteTitle "GM"]
[BlackTitle "GM"]
[WhiteElo "2739"]
[BlackElo "2545"]
[WhiteTeam "Miami Champions"]
[BlackTeam "Toronto Dragons"]
[WhiteFideId "3503240"]
[BlackFideId "1205064"]
[EventDate "2017.03.01"]

1. d4 Nf6 2. Nf3 e6 3. g3 d5 4. Bg2 Be7 5. c4 O-O 6. O-O dxc4 7. Qc2 a6 8. Qxc4
b5 9. Qc2 Bb7 10. Bd2 Bd6 11. Nh4 Bxg2 12. Kxg2 Nbd7 13. e4 e5 14. d5 Nc5 15. f3
g6 16. Bh6 Re8 17. Be3 Ncd7 18. Qc6 Nh5 19. Kg1 Nb6 20. Nd2 Rb8 21. Rac1 Qe7 22.
Rc2 Red8 23. Ng2 Ng7 24. b3 f5 25. a4 bxa4 26. bxa4 f4 27. gxf4 Nd7 28. Nc4 exf4
29. Bxf4 Bxf4 30. Nxf4 Rf8 31. Ne6 Rf6 32. e5 Rf5 33. Nxg7 Kxg7 34. Qxc7 Rbf8
35. e6 Rxd5 36. exd7 Rxd7 37. Qe5+ Qxe5 38. Nxe5 Rd5 39. Rc7+ Kh6 40. Ng4+ Kg5
41. Rxh7 Rd4 42. Kg2 Rxa4 43. Rf2 Kf4 44. Rg7 g5 45. Re2 Rb4 46. Rge7 a5 47. Nh6
g4 48. Nxg4 Rfb8 49. h4 Rb2 50. Rf7# 1-0

[Event "PRO League KO Stage 2017"]
[Site "chess.com INT"]
[Date "2017.03.01"]
[Round "1"]
[White "Dominguez Perez, Leinier"]
[Black "Noritsyn, Nikolay"]
[Result "1-0"]
[WhiteTitle "GM"]
[BlackTitle "IM"]
[WhiteElo "2739"]
[BlackElo "2473"]
[WhiteTeam "Miami Champions"]
[BlackTeam "Toronto Dragons"]
[WhiteFideId "3503240"]
[BlackFideId "2604922"]
[EventDate "2017.03.01"]

1. e4 e5 2. Nf3 d6 3. d4 exd4 4. Nxd4 Nf6 5. Nc3 Be7 6. Bf4 O-O 7. Qd2 Nc6 8.
O-O-O Nxd4 9. Qxd4 a6 10. f3 b5 11. g4 c5 12. Qd2 b4 13. Nd5 Nxd5 14. exd5 Bf6
15. Bd3 Re8 16. Rhe1 Rxe1 17. Rxe1 Bb7 18. g5 Be7 19. h4 Bf8 20. h5 Qd7 21. Be4
Re8 22. Rh1 Qb5 23. Kb1 c4 24. Qd4 c3 25. b3 a5 26. a4 Qe2 27. h6 g6 28. Bxd6
Qd2 29. Qf6 Qg2 30. Bxf8 Qxh1+ 31. Ka2 Kxf8 32. d6 1-0

[Event "PRO League KO Stage 2017"]
[Site "chess.com INT"]
[Date "2017.03.01"]
[Round "1"]
[White "Klimakovs, Sergejs"]
[Black "Sharafiev, Azat"]
[Result "1/2-1/2"]
[WhiteTitle "FM"]
[BlackTitle "IM"]
[WhiteElo "2300"]
[BlackElo "2433"]
[WhiteTeam "Riga Magicians"]
[BlackTeam "Gorky Stormbringers"]
[WhiteFideId "11602066"]
[BlackFideId "4186214"]
[EventDate "2017.03.01"]

1. e4 c5 2. Nf3 d6 3. d4 cxd4 4. Nxd4 Nf6 5. Nc3 a6 6. g3 e5 7. Nb3 b5 8. Bg2
Bb7 9. O-O Nbd7 10. a4 b4 11. Nd5 Nxd5 12. exd5 a5 13. Re1 Be7 14. Qe2 Ba6 15.
Qg4 h5 16. Qd1 g6 17. Bd2 O-O 18. c3 Qb6 19. cxb4 axb4 20. Re4 Rfb8 21. Rxb4 Qd8
22. Rxb8 Rxb8 23. Bc3 Rc8 24. Ba5 Qf8 25. Rc1 Rb8 26. Rc6 Bb7 27. Rc7 Nf6 28.
Bc3 e4 29. Qd4 Bxd5 30. Na5 Bd8 31. Nc6 Bxc7 32. Qxf6 Kh7 33. Nxb8 Bxb8 34. a5
Bb7 35. Bf1 e3 36. fxe3 Ba7 37. Kf2 Be4 38. b4 d5 39. Be5 Bb8 40. Bd4 Bd6 41. a6
Be7 42. Qc6 h4 43. a7 hxg3+ 44. hxg3 Qh6 45. a8=Q Qh2+ 46. Ke1 Qxg3+ 47. Kd2
Bxb4+ 48. Bc3 Qf2+ 49. Be2 Bxc3+ 50. Qxc3 d4 51. Qxe4 dxc3+ 52. Kd1 Qg1+ 53. Kc2
Qe1 54. Bd3 Qd2+ 55. Kb3 Qb2+ 56. Kc4 Qd2 57. Qh4+ Kg8 58. Qd8+ Kh7 59. Qh4+ Kg8
60. Qd8+ Kh7 61. Qh4+ Kg8 62. Qd8+ 1/2-1/2

[Event "PRO League KO Stage 2017"]
[Site "chess.com INT"]
[Date "2017.03.01"]
[Round "1"]
[White "Klimakovs, Sergejs"]
[Black "Yatzenko, Anton"]
[Result "1-0"]
[WhiteTitle "FM"]
[WhiteElo "2300"]
[BlackElo "2356"]
[WhiteTeam "Riga Magicians"]
[BlackTeam "Gorky Stormbringers"]
[WhiteFideId "11602066"]
[BlackFideId "4157826"]
[EventDate "2017.03.01"]

1. e4 e5 2. Nf3 Nc6 3. Bb5 a6 4. Ba4 Nf6 5. O-O b5 6. Bb3 Bb7 7. d3 Be7 8. Nc3
O-O 9. Bd2 d6 10. Nd5 h6 11. h3 Qd7 12. c4 Nd8 13. Ba5 Ne6 14. Rc1 Rac8 15. a4
Nxd5 16. cxd5 Nc5 17. Bb4 Nxa4 18. Bxa4 bxa4 19. Ra1 f5 20. Qxa4 Qd8 21. Qb3 Rb8
22. Nxe5 Kh7 23. Nc6 Bxc6 24. dxc6 fxe4 25. dxe4 Qe8 26. e5 dxe5 27. Qc2+ Kh8
28. Bxe7 Qxe7 29. Rxa6 Rf4 30. Rd1 Rd4 31. Rda1 Qd8 32. Qf5 e4 33. Qe5 Qd6 34.
Qxd6 Rxd6 35. Ra8 Rxa8 36. Rxa8+ Kh7 37. Ra6 Rd1+ 38. Kh2 Rb1 39. Ra7 Rxb2 40.
Kg3 Kg6 41. Rxc7 Rc2 42. Rc8 Rc3+ 43. Kf4 Rc2 44. Ke3 Rc4 45. c7 h5 46. Kf4 h4
47. Ke5 Kh7 48. Kd5 Rc2 49. Kxe4 Kg6 50. f4 Kh7 51. Kf5 Rc6 52. Kg4 Rc4 53. Kg5
Rc6 54. Kxh4 1-0